000 01309nam a2200361Ic 4500
001 59535
003 CO-BoRNBP
005 20251022160559.0
007 ta
008 250128s2024 ck a g 00| 0dspa d
020 _a9786289626810
040 _aCO-BoRNBP
_bspa
_erda
_cCO-BoRNBP
041 0 _aspa
043 _as-ck---
082 0 4 _a394.1
_bL41c
_223
100 _aLlano Restrepo, María Clara
_d1967-
_eaut
_965876
245 1 3 _aLa chicha, de bebida sagrada a veneno amarillo /
_cMaría Clara Llano Restrepo y Marcela Campuzano Cifuentes.
250 _aEdición especial
264 1 _aBogotá, Colombia :
_bProsa del Mundo,
_c2024
300 _a186 páginas :
_bilustraciones a color y en blanco y negro,
336 _atexto
_btxt
_2rdacontent
337 _asin mediación
_bn
_2rdamedia
338 _avolumen
_bnc
_2rdacarrier
504 _aIncluye referencias bibliográficas
521 _aRecomendado para un público adulto
545 _aIncluye datos biográficos de las autoras
650 0 7 _aChicha
_xHistoria
_zColombia
_2lemb
_965877
650 0 7 _aIdentidad cultural
_2lemb
_921849
650 0 7 _aIndigenas
_xVida social y costumbres
_xAlimentos
_2lemb
_965878
650 0 7 _aBebidas alcohólicas
_zColombia
_2LEMB
_965879
700 _aCampuzano Cifuentes, Marcela
_eaut
_965880
942 _2ddc
_cBK
999 _c59535
_d59535